An outline of abnormal psychology /

Bibliographic Details
Main Author: Murphy, Gardner, 1895-1979
Other Authors: Bachrach, Arthur J.
Format: Book
Language:English
Published: New York : Modern Library, [1954]
Edition:Rev. ed.
Series:The modern library of the world's best books, 152
Subjects:

MARC

Tag First Indicator Second Indicator Subfields
LEADER 00000cam a2200000 4500
001 in00000053097
005 20151007080435.0
008 790302s1954 nyua 00010 eng
010 |a  54009970  
035 |a (OCoLC)04709210 
035 |9 AAF4823AM 
040 |a DLC  |c VZJ  |d TXA  |d UtOrBLW 
049 |a TXAM  |c [369988] 
050 0 0 |a BF173  |b .M83 1954 
092 |a 132  |b M978o 
100 1 |a Murphy, Gardner,  |d 1895-1979. 
245 1 3 |a An outline of abnormal psychology /  |c edited by Gardner Murphy and Arthur J. Bachrach. 
250 |a Rev. ed. 
264 1 |a New York :  |b Modern Library,  |c [1954] 
300 |a xxxiii, 597 pages :  |b illustrations ;  |c 19 cm. 
336 |a text  |b txt  |2 rdacontent 
337 |a unmediated  |b n  |2 rdamedia 
338 |a volume  |b nc  |2 rdacarrier 
490 0 |a The modern library of the world's best books, 152 
650 0 |a Psychology, Pathological. 
700 1 |a Bachrach, Arthur J. 
740 0 |a Abnormal psychology. 
999 |a MARS 
999 f f |s 80aeae62-4005-30f1-81ed-70e1b723e9e3  |i 51264035-db95-31b7-903a-28e447d330e0  |t 0 
952 f f |p ric  |a Texas A&M University  |b Rellis Campus  |c Joint Library Facility  |d Remote Storage  |t 0  |e BF173 .M83 1954  |h Library of Congress classification  |i unmediated -- volume  |m A14800511422 
998 f f |a BF173 .M83 1954  |t 0  |l Remote Storage